000 00369nam a2200145Ia 4500
005 20251222153541.0
008 251222s9999||||xx |||||||||||||| ||spa||
020 _a8439849036
082 _a340.112/E79
100 _aEscudero, José Antonio
245 0 _aCurso de Historia del Derecho:
250 _a2a. ed.
264 _bTalleres de Gráfica Solana
942 _cLIB
999 _c30481
_d30481